First impressions not always right (Record no. 69635)

MARC details
000 -LEADER
fixed length control field 00917cam a2200217 4500
001 - CONTROL NUMBER
control field WB3808-02
008 - FIXED-LENGTH DATA ELEMENTS--GENERAL INFORMATION
fixed length control field 020228n2002 000 0 eng u
035 ## - SYSTEM CONTROL NUMBER
System control number (Sirsi) u116898
245 ## - TITLE STATEMENT
Title First impressions not always right
260 ## - PUBLICATION, DISTRIBUTION, ETC.
Date of publication, distribution, etc. 2002
490 ## - SERIES STATEMENT
Series statement The Arts Surveyor
Volume/sequential designation February 2002, 6(1)
520 ## - SUMMARY, ETC.
Summary, etc. A reminder of the case "Harlingdon & Leinster Enterprises Ltd v Christopher Hull Fine Art Ltd" CA 1989, which still has implications for fine arts professionals. The judge ruled that the buyer must be able to rely on the seller's description when making a purchase as it was held to influence the buyer's decision to buy.
590 ## - LOCAL NOTE (RLIN)
Local note WB
650 ## - SUBJECT ADDED ENTRY--TOPICAL TERM
Topical term or geographic name entry element HARLINGDON & LEINSTER ENTERPRISES LTD V CHRISTOPHER HULL FINE ART LTD
650 ## - SUBJECT ADDED ENTRY--TOPICAL TERM
Topical term or geographic name entry element Auctioneering
9 (RLIN) 6218
650 ## - SUBJECT ADDED ENTRY--TOPICAL TERM
Topical term or geographic name entry element FINE ARTS VALUATION
650 ## - SUBJECT ADDED ENTRY--TOPICAL TERM
Topical term or geographic name entry element ART SALES
650 ## - SUBJECT ADDED ENTRY--TOPICAL TERM
Topical term or geographic name entry element ATTRIBUTION
690 ## - LOCAL SUBJECT ADDED ENTRY--TOPICAL TERM (OCLC, RLIN)
Topical term or geographic name as entry element Arts and antiques
9 (RLIN) 6217
942 ## - ADDED ENTRY ELEMENTS (KOHA)
Suppress in OPAC 0
Holdings
Withdrawn status Lost status Source of classification or shelving scheme Damaged status Not for loan Home library Current library Shelving location Date acquired Total Checkouts Full call number Barcode Date last seen Copy number Price effective from Koha item type
    Dewey Decimal Classification     London London News article 28/02/2002   WB3808-02 116898-1001 06/08/2019 1 06/08/2019 News article